Library Banner

The east Pakistan tragedy (Record no. 82866)

MARC details
000 -LEADER
fixed length control field 00374nam a22001457a 4500
005 - DATE AND TIME OF LATEST TRANSACTION
control field 20160216115521.0
008 - FIXED-LENGTH DATA ELEMENTS--GENERAL INFORMATION
fixed length control field 160216b xxu||||| |||| 00| 0 eng d
040 ## - CATALOGING SOURCE
Transcribing agency PK-LaUMT
082 ## - DEWEY DECIMAL CLASSIFICATION NUMBER
Classification number AMC 954.9205
Item number RUS-E
100 ## - MAIN ENTRY--PERSONAL NAME
Personal name Rushbrook williams
245 ## - TITLE STATEMENT
Title The east Pakistan tragedy
Statement of responsibility, etc Rushbrook williams
260 ## - PUBLICATION, DISTRIBUTION, ETC. (IMPRINT)
Place of publication, distribution, etc London
Name of publisher, distributor, etc Tom stacey
Date of publication, distribution, etc [ ]
300 ## - PHYSICAL DESCRIPTION
Extent [ ]
942 ## - ADDED ENTRY ELEMENTS (KOHA)
Koha item type Books
Holdings
Withdrawn status Lost status Damaged status Home library Current library Date acquired Full call number Barcode Date last seen Price effective from Koha item type
      UMT Main Campus UMT Main Campus 2016-02-16 AMC 954.9205 RUS-E 85650 2016-02-16 2016-02-16 Books